802.11 WLANs and IP networking : (Record no. 175711)
[ view plain ]
| 000 -LEADER | |
|---|---|
| fixed length control field | 00993 a2200229 4500 |
| 003 - CONTROL NUMBER IDENTIFIER | |
| control field | Nust |
| 005 - DATE AND TIME OF LATEST TRANSACTION | |
| control field | 20220817131333.0 |
| 010 ## - LIBRARY OF CONGRESS CONTROL NUMBER | |
| LC control number | 2004065954 |
| 020 ## - INTERNATIONAL STANDARD BOOK NUMBER | |
| International Standard Book Number | 1580537898 (alk. paper) |
| 040 ## - CATALOGING SOURCE | |
| Transcribing agency | Nust |
| 082 00 - DEWEY DECIMAL CLASSIFICATION NUMBER | |
| Classification number | 621.3821,PRA |
| 100 1# - MAIN ENTRY--PERSONAL NAME | |
| Personal name | Prasad, Anand. |
| 9 (RLIN) | 97799 |
| 245 10 - TITLE STATEMENT | |
| Title | 802.11 WLANs and IP networking : |
| Remainder of title | security, QoS, and mobility / |
| Statement of responsibility, etc. | Anand R. Prasad, Neeli R. Prasad. |
| 260 ## - PUBLICATION, DISTRIBUTION, ETC. | |
| Place of publication, distribution, etc. | Boston : |
| Name of publisher, distributor, etc. | Artech House, |
| Date of publication, distribution, etc. | c2005. |
| 300 ## - PHYSICAL DESCRIPTION | |
| Extent | xxi, 318 p. : |
| Other physical details | ill. ; |
| Dimensions | 24 cm. |
| 440 #4 - SERIES STATEMENT/ADDED ENTRY--TITLE | |
| Title | The Artech House universal personal communications series |
| 9 (RLIN) | 97800 |
| 505 ## - FORMATTED CONTENTS NOTE | |
| Formatted contents note | Introduction (Page-1), Market and Business Case (Page-33), IEEE 802.11 (Page-49), Security (Page-95), Quality of Service (Page-147), Roaming, Handover and Mobility (Page-187), WLAN Deployment and Mobile Integration (Page-231), Future Generation Communications (Page-273), |
| 650 #0 - SUBJECT ADDED ENTRY--TOPICAL TERM | |
| Topical term or geographic name entry element | IEEE 802.11 (Standard) |
| 9 (RLIN) | 95059 |
| 650 #0 - SUBJECT ADDED ENTRY--TOPICAL TERM | |
| Topical term or geographic name entry element | Telecommunication Engineering |
| 700 1# - ADDED ENTRY--PERSONAL NAME | |
| Personal name | Prasad, Neeli. |
| 9 (RLIN) | 97801 |
| 942 ## - ADDED ENTRY ELEMENTS (KOHA) | |
| Koha item type | Reference |
| Source of classification or shelving scheme | |
| Withdrawn status | Lost status | Source of classification or shelving scheme | Damaged status | Not for loan | Permanent Location | Current Location | Shelving location | Date acquired | Full call number | Barcode | Date last seen | Price effective from | Koha item type | Public note |
|---|---|---|---|---|---|---|---|---|---|---|---|---|---|---|
| Military College of Signals (MCS) | Military College of Signals (MCS) | Reference | 12/12/2016 | 621.3821,PRA | MCS31479 | 12/08/2016 | 12/12/2016 | Reference | Almirah No.22, Shelf No.3 |
